000 00577nam a22001817a 4500
005 20251108171151.0
008 250721s1994 xx 000 0 ara d
082 1 4 _a415/شوق
100 1 _aضيف، شوقي
245 1 0 _aتحريفات العامية للفصحى في القواعد و البنيات و الحروف و الحركات /
264 1 _aالقاهرة :
_bدار المعارف،
_c1994.
300 _a203ص
650 1 7 _aاللغة العربية
650 1 7 _aقواعد اللغة
650 1 7 _aاللهجات
942 _2ddc
_cBK
999 _c58293
_d58293